<?xml version="1.0" encoding="UTF-8"?>
<record
    xmlns:xsi="http://www.w3.org/2001/XMLSchema-instance"
    xsi:schemaLocation="http://www.loc.gov/MARC21/slim http://www.loc.gov/standards/marcxml/schema/MARC21slim.xsd"
    xmlns="http://www.loc.gov/MARC21/slim">

  <leader>02983cam a22003254a 4500</leader>
  <controlfield tag="001">13044223</controlfield>
  <controlfield tag="005">20040426145120.0</controlfield>
  <controlfield tag="008">021231s2004    maua     b    001 0 eng  </controlfield>
  <datafield tag="010" ind1=" " ind2=" ">
    <subfield code="a">  2002156372</subfield>
  </datafield>
  <datafield tag="020" ind1=" " ind2=" ">
    <subfield code="a">1405100990 (alk. paper)</subfield>
  </datafield>
  <datafield tag="020" ind1=" " ind2=" ">
    <subfield code="a">1405100966 (pbk. : alk. paper)</subfield>
  </datafield>
  <datafield tag="040" ind1=" " ind2=" ">
    <subfield code="a">DLC</subfield>
    <subfield code="c">DLC</subfield>
    <subfield code="d">DLC</subfield>
  </datafield>
  <datafield tag="042" ind1=" " ind2=" ">
    <subfield code="a">pcc</subfield>
  </datafield>
  <datafield tag="043" ind1=" " ind2=" ">
    <subfield code="a">n-us---</subfield>
  </datafield>
  <datafield tag="050" ind1="0" ind2="0">
    <subfield code="a">HF5549.5.M5</subfield>
    <subfield code="b">P79 2004</subfield>
  </datafield>
  <datafield tag="082" ind1="0" ind2="0">
    <subfield code="a">658.3008</subfield>
    <subfield code="2">22</subfield>
    <subfield code="b">PSY</subfield>
  </datafield>
  <datafield tag="245" ind1="0" ind2="4">
    <subfield code="a">The Psychology and Management of Workplace Diversity /</subfield>
    <subfield code="c">Edited by Margaret S. Stockdale and Faye J. Crosby.</subfield>
  </datafield>
  <datafield tag="260" ind1=" " ind2=" ">
    <subfield code="a">Malden, MA :</subfield>
    <subfield code="b">Blackwell Pub., 2004</subfield>
    <subfield code="c">2004.</subfield>
  </datafield>
  <datafield tag="300" ind1=" " ind2=" ">
    <subfield code="a">xix, 377 p. :</subfield>
    <subfield code="b">ill. ;</subfield>
    <subfield code="c">26 cm.</subfield>
  </datafield>
  <datafield tag="504" ind1=" " ind2=" ">
    <subfield code="a">Includes bibliographical references (p. [317]-369) and index.</subfield>
  </datafield>
  <datafield tag="505" ind1="0" ind2=" ">
    <subfield code="a">Why now? : the contemporary focus on managing diversity / Rosemary Hays-Thomas -- The arguments against diversity : are they valid? / Kecia M. Thomas, Dan A. Mack, and Amelie  Montagliani -- Models and practice of diversity management : a historical review and presentation of a new integration theory / Mark D. Agars and Janet L. Kottke -- The influence of culture on role-taking in culturally diverse organizations / Dianna L. Stone and Eugene F. Stone-Romero -- Leadership in a diverse workplace / Donna Chrobot-Mason and Marian N. Ruderman -- Health implications of workplace diversity / Lynda Sagrestano -- Shattering the glass ceiling in the new millenium / Linda K. Stroh, Christine L. Langlands, and Patricia A. Simpson -- Toward the inclusiveness and career success of African Americans in the workplace / Kevin Cokley, George F. Dreher, and Margaret S. Stockdale -- Age, disability, and obesity : similarities, differences, and common threads / Myrtle P. Bell, Mary E. McLaughlin, and Jennifer M. Sequeira -- Diversity and sexual orientation :  including and valuing sexual minorities in the  workplace / Micah E. Lubensky, Sarah L. Holland, Carolyn Wiethoff, and Faye J. Crosby -- Class diversity in the workplace / Heather E. Bullock -- Creating and sustaining diversity and inclusion in organizations : strategies and approaches / Evangelina Holvino, Bernardo M. Ferdman, and Deborah Merrill-Sands -- International perspectives on workplace diversity / Rana Haq -- Looking back and heading forward : major themes of the psychology and management of workplace diversity / Margaret S. Stockdale and Feng Cao.</subfield>
  </datafield>
  <datafield tag="650" ind1=" " ind2="0">
    <subfield code="a">Diversity in the workplace</subfield>
    <subfield code="z">United States.</subfield>
    <subfield code="9">16257</subfield>
  </datafield>
  <datafield tag="650" ind1=" " ind2="0">
    <subfield code="a">Psychology, Industrial</subfield>
    <subfield code="z">United States.</subfield>
    <subfield code="9">16258</subfield>
  </datafield>
  <datafield tag="650" ind1=" " ind2="0">
    <subfield code="a">Personnel management</subfield>
    <subfield code="z">United States.</subfield>
    <subfield code="9">16259</subfield>
  </datafield>
  <datafield tag="700" ind1="1" ind2=" ">
    <subfield code="a">Stockdale, Margaret S.</subfield>
    <subfield code="9">16260</subfield>
  </datafield>
  <datafield tag="700" ind1="1" ind2=" ">
    <subfield code="a">Crosby, Faye J.,</subfield>
    <subfield code="d">1947-</subfield>
    <subfield code="9">16261</subfield>
  </datafield>
  <datafield tag="942" ind1=" " ind2=" ">
    <subfield code="2">ddc</subfield>
    <subfield code="c">BB</subfield>
  </datafield>
  <datafield tag="999" ind1=" " ind2=" ">
    <subfield code="c">5261</subfield>
    <subfield code="d">5261</subfield>
  </datafield>
  <datafield tag="952" ind1=" " ind2=" ">
    <subfield code="0">0</subfield>
    <subfield code="1">0</subfield>
    <subfield code="2">ddc</subfield>
    <subfield code="4">0</subfield>
    <subfield code="7">0</subfield>
    <subfield code="8">Alahram</subfield>
    <subfield code="a">MAIN</subfield>
    <subfield code="b">MAIN</subfield>
    <subfield code="c">1ST</subfield>
    <subfield code="d">2007-10-23</subfield>
    <subfield code="e">purchase</subfield>
    <subfield code="l">3</subfield>
    <subfield code="m">41</subfield>
    <subfield code="o">658.3008 PSY</subfield>
    <subfield code="p">000006452</subfield>
    <subfield code="r">2025-07-15 00:00:00</subfield>
    <subfield code="s">2016-03-19</subfield>
    <subfield code="y">BB</subfield>
  </datafield>
</record>
